The Diasporic Sublime in the Works of Bharati Mukherjee, Jhumpa Lahiri, and Chitra Banerjee Divakaruni

The doctoral research aims to redefine the theory of the sublime within the transcultural identities through the works of Bharati Mukherjee, Jhumpa Lahiri, and Chitra Banerjee Divakaruni. The involvement and elevation of Indian American women in migration has not been emphasised enough in the discus...

Teljes leírás

Elmentve itt :
Bibliográfiai részletek
Szerző: Bera Shreya
További közreműködők: Cristian Réka Mónika (Témavezető)
Dokumentumtípus: Disszertáció
Megjelent: 2023-01-10
Kulcsszavak:Indo-American literature, diaspora studies, the feminine sublime, transculturalism.
Tárgyszavak:
doi:10.14232/phd.11547

mtmt:34119241
Online Access:http://doktori.ek.szte.hu/11547
LEADER 04301nta a2200313 i 4500
001 dokt11547
005 20230830123058.0
008 221117s2023 hu om 0|| eng d
024 7 |a 10.14232/phd.11547  |2 doi 
024 7 |a 34119241  |2 mtmt 
040 |a SZTE Doktori Repozitórium  |b hun 
041 |a eng 
100 1 |a Bera Shreya 
245 1 4 |a The Diasporic Sublime in the Works of Bharati Mukherjee, Jhumpa Lahiri, and Chitra Banerjee Divakaruni  |h [elektronikus dokumentum] /  |c  Bera Shreya 
246 1 0 |a A diaszporikus fenséges Bharati Mukherjee, Jhumpa Lahiri, és Chitra Banerjee Divakaruni munkáiban  |h [elektronikus dokumentum] 
260 |c 2023-01-10 
502 |a Disszertacio 
520 3 |a The doctoral research aims to redefine the theory of the sublime within the transcultural identities through the works of Bharati Mukherjee, Jhumpa Lahiri, and Chitra Banerjee Divakaruni. The involvement and elevation of Indian American women in migration has not been emphasised enough in the discussion of indentured labour, globalization and effects of cultural appropriation. Considering the German traditions of aesthetics, specifically Immanuel Kant’s theorization of the sublime in his Observations on the Feeling of the Beauty and the Sublime (1790/2011), the dissertation focuses to challenge the specific Kantian notion of female inability to be the sovereign and elevated (sublime) subject. ‘Diasporic sublime’ hence highlights the journey of Indian immigrant women in the United States of America and facing the conflicts to reach the sublime state of body and mind. The dissertation structures the conceptualisation of the postcolonial fear, power and agency through the changes of body, food and home to evince the manifestation of the sublime. Following the contemporary works of Christina Battersby, Bonnie Mann and Barbara Claire Freeman, the dissertation renegotiates the term sublime as a process to confront the submissive identity, dehumanised socio-economical state of immigrant women. 
520 3 |a A doktori kutatás célja a fenséges elméletének újrafogalmazása Bharati Mukherjee, Jhumpa Lahiri és Chitra Banerjee munkáiban fellelhető transzkulturális identitásokon keresztül. Az indo-amerikai nők migrációban való részvételét és felemelkedését nem hangsúlyozták kellőképen a kényszermunka, globalizáció és kulturális kisajátítás hatásainak tárgyalása során. A német esztétikai hagyományok figyelembevételével, különös tekintettel Immanuel Kant Megfigyelések a szép és a fenséges érzéséről (1764/2011) című munkájában lévő fenségesről szóló elméletére, a disszertáció arra összpontosít, hogy megkérdőjelezze Kant elképzelését, miszerint a nők alkalmatlanok arra, hogy önálló és emelkedett (fenséges) alanyok legyenek. A „diaszporikus fenséges” tehát rávilágít az indiai bevándorló nők Amerikai Egyesült Államokban bejárt és a fenséges testi-lelki állapota felé vezető útjára és az eközben rájuk váró konfliktusokra. A disszertáció a posztkoloniális félelem, hatalom és cselekvőképesség fogalomalkotásait strukturálja a test, az étel és az otthon változásai mentén, így bizonyítandó a fenséges megnyilvánulásait. A disszertáció Christina Battersby, Bonnie Mann és Barbara Claire Freeman kortárs munkáit követve a fenséges fogalmát a bevándorló nők alázatos identitásával és elembertelenedett társadalmi-gazdasági állapotával történő szembenézés folyamataként tárgyalja újra. 
650 4 |a irodalom- és kultúra tudományok 
650 4 |a Bölcsészettudományok 
650 4 |a Nyelvek és irodalom 
650 4 |a Irodalomelmélet 
650 4 |a Irodalomelmélet, összehasonlító irodalomtudomány, irodalmi stílusok 
695 |a Indo-American literature, diaspora studies, the feminine sublime, transculturalism. 
700 1 |a Cristian Réka Mónika  |e ths 
856 4 0 |u https://doktori.bibl.u-szeged.hu/id/eprint/11547/1/ShreyaBeradissertation.pdf  |z Dokumentum-elérés  
856 4 0 |u https://doktori.bibl.u-szeged.hu/id/eprint/11547/2/BeraShreyaThesis%20Booklet.pdf  |z Dokumentum-elérés  
856 4 0 |u https://doktori.bibl.u-szeged.hu/id/eprint/11547/4/Bera_Thesis%20abstract%20in%20hungarian.pdf  |z Dokumentum-elérés